Tčnicas publicitarias

Detalles Bibliográficos
Formato: eBook
Lenguaje:español
Publicado: Bogot:̀ Ediciones de la U, 2015
Materias:
Acceso en línea:Acceso restringido

MARC

LEADER 00000nam a22000007a 4500
005 20210702113328.0
007 cr|||| ||||
008 210702s2015 co |||||s|||| 00||0 spa d
020 |a 978-958-762-439-7 
035 |a 33406 
040 |a vLex 
090 |c 11835  |d 11835 
245 0 0 |a Tčnicas publicitarias  |h [Recurso electrn̤ico] / 
256 |a Servicio en ln̕ea 
260 |a Bogot:̀  |b Ediciones de la U,  |c 2015 
300 |a 1 recurso electrn̤ico 
500 |a De todos es sabido que la comunicacin̤ es una herramienta estratǧica dentro de toda empresa que quiera estar bien posicionada en el mercado. Esto no quiere decir que la comunicacin̤ sea la clave del x̌ito, pero s ̕que forma parte de ľ, y desde luego, sin comunicacin̤ hoy en da̕ estamos ms̀ fc̀ilmente abocados al fracaso.De hecho, a travš de la comunicacin̤ vamos a acercar al mercado la imagen que queremos que se tenga de nuestra empresa, lo que nos va a permitir posicionarnos de forma cada vez ms̀ competitiva. Y esta afirmacin̤ es vl̀ida tanto para las compaą̕s multinacionales como para las PYMES, muchas de las cuales caen en el error de pensar que la comunicacin̤ es sl̤o parte de las grandes empresas. 
506 1 |a Disponible solo en los productos indicados  |d vLex Global  |d vLex Global (Academic Edition, excluding Law Schools)  |d vLex Global (U.S. Academic Edition, Law Schools)  |d vLex Global (U.S. Academic Edition, excluding Law Schools)  |d vLex Global (Academic Edition, Law Schools) 
650 0 4 |a Publicidad y relaciones pb︢licas  |z Colombia 
740 0 |a vLex Libros (Servicio en ln̕ea) 
856 4 0 |u https://vlex.com/source/tecnicas-publicitarias-33406  |z Acceso restringido 
942 |c BOOK 
999 0 |a Advertising and public relations